[Event "Copenhagen Challenge"]
[Site "Ballerup"]
[Date "2018.04.29"]
[Round "8"]
[White "Vangsgaard, Freja"]
[Black "Bronnum, Jan"]
[Result "1-0"]
[WhiteElo "1970"]
[BlackElo "2088"]
[PlyCount "125"]
[EventDate "2018.04.25"]
[EventType "swiss"]
[EventRounds "9"]
[EventCountry "DEN"]
[SourceTitle "CBM 184 Extra"]
[Source "ChessBase"]
[SourceDate "2018.06.28"]
[SourceVersion "1"]
[SourceVersionDate "2018.06.28"]
[SourceQuality "1"]

1. d4 Nf6 2. c4 e6 3. Nc3 Bb4 4. e3 0-0 5. Nge2 d5 6. a3 Be7 7. cxd5 exd5 8. Nf4 c6 9. Bd3 Re8 10. 0-0 Bd6 11. g3 Bxf4 12. gxf4 Bh3 13. Re1 Qd6 14. Qf3 Bg4 15. Qg3 Qd7 16. f3 Bf5 17. Bf1 Re7 18. Bd2 b5 19. a4 b4 20. Ne2 a5 21. Nc1 Na6 22. Nd3 Bxd3 23. Bxd3 c5 24. b3 cxd4 25. exd4 Nc7 26. f5 Rxe1+ 27. Rxe1 Re8 28. Rc1 Rc8 29. Rc5 Qd8 30. Qe1 Nce8 31. Qc1 Rxc5 32. Qxc5 Qc7 33. Qxc7 Nxc7 34. Bf4 Nfe8 35. Kf2 f6 36. Bb5 Kf7 37. Bc6 Ke7 38. Bxe8 Nxe8 39. Bb8 Kd7 40. Kg3 Nd6 41. Kg4 Nc4 42. Bf4 Na3 43. Bc1 Nc2 44. Bb2 Ne1 45. Bc1 Nc2 46. Bb2 g6 47. fxg6 hxg6 48. Kg3 Ne1 49. Bc1 Ke6 50. h3 Kf5 51. Bf4 Nc2 52. Bc7 Nxd4 53. Bxa5 Nc6 54. Bb6 Nb8 55. h4 Na6 56. a5 Ke5 57. Kf2 Kd6 58. Ke3 Kc6 59. Kd4 Nb8 60. Bc5 Nd7 61. Bxb4 Ne5 62. Ke3 d4+ 63. Ke4 1-0

[Event "Copenhagen Challenge"]
[Site "Ballerup"]
[Date "2018.04.26"]
[Round "2"]
[White "Vangsgaard, Freja"]
[Black "Percivaldi, Martin"]
[Result "0-1"]
[WhiteElo "1970"]
[BlackElo "2398"]
[PlyCount "72"]
[EventDate "2018.04.25"]
[EventType "swiss"]
[EventRounds "9"]
[EventCountry "DEN"]
[SourceTitle "CBM 184 Extra"]
[Source "ChessBase"]
[SourceDate "2018.06.28"]
[SourceVersion "1"]
[SourceVersionDate "2018.06.28"]
[SourceQuality "1"]

1. d4 Nf6 2. c4 e6 3. Nc3 Bb4 4. e3 0-0 5. Nge2 d5 6. a3 Be7 7. cxd5 exd5 8. Nf4 c6 9. Bd3 a5 10. 0-0 Na6 11. Re1 Nc7 12. e4 dxe4 13. Nxe4 Ncd5 14. Nxd5 Nxd5 15. Qh5 g6 16. Qh6 Qc7 17. Ng3 Bf6 18. Nh5 Be6 19. Bf4 Qd7 20. Be5 Bxe5 21. dxe5 f5 22. exf6 Rf7 23. Bxg6 hxg6 24. Qxg6+ Kh8 25. Re5 Rh7 26. Qe4 Bf7 27. Qf3 Rg8 28. Rae1 Qg4 29. Qxg4 Rxg4 30. f3 Rg8 31. Ng3 Nxf6 32. Rf5 Nd5 33. Ne4 Bg6 34. Rg5 Re7 35. Kf2 Nf4 36. Rg4 Nd3+ 0-1

[Event "Aarhus op-A"]
[Site "Aarhus"]
[Date "2017.09.08"]
[Round "2"]
[White "Hansen, Lars"]
[Black "Vangsgaard, Freja"]
[Result "1/2-1/2"]
[WhiteElo "2268"]
[BlackElo "2062"]
[PlyCount "67"]
[EventDate "2017.09.08"]
[EventType "swiss"]
[EventRounds "7"]
[EventCountry "DEN"]
[SourceTitle "EXT 2018"]
[Source "ChessBase"]
[SourceDate "2017.10.13"]
[SourceVersion "1"]
[SourceVersionDate "2017.10.13"]
[SourceQuality "1"]

1. e4 c6 2. d4 d5 3. exd5 cxd5 4. Bd3 Nc6 5. c3 Qc7 6. Ne2 Nf6 7. Bf4 Qb6 8. Qc2 Bg4 9. 0-0 e6 10. Ng3 Nh5 11. Nxh5 Bxh5 12. Nd2 Bg6 13. Bxg6 hxg6 14. Nf3 Be7 15. Rfe1 0-0 16. Qb3 Na5 17. Qxb6 axb6 18. Ne5 Rfd8 19. h3 Rac8 20. Re2 Nc4 21. Nd3 Bd6 22. Bxd6 Nxd6 23. Rae1 Rc7 24. f3 Rdc8 25. Kf2 Nf5 26. Ne5 Ne7 27. g4 b5 28. Nd3 b6 29. Nb4 Nc6 30. Nxc6 Rxc6 31. a3 Kf8 32. Ke3 Ke7 33. Kd3 Kd6 34. Kc2 1/2-1/2

[Event "DEN-ch cand"]
[Site "Skorping"]
[Date "2017.04.13"]
[Round "3"]
[White "Vangsgaard, Freja"]
[Black "Rossen, Claus"]
[Result "1/2-1/2"]
[WhiteElo "2060"]
[BlackElo "2190"]
[PlyCount "120"]
[EventDate "2017.04.11"]
[EventType "swiss"]
[EventRounds "7"]
[EventCountry "DEN"]
[SourceTitle "EXT 2018"]
[Source "ChessBase"]
[SourceDate "2017.10.13"]
[SourceVersion "1"]
[SourceVersionDate "2017.10.13"]
[SourceQuality "1"]

1. d4 Nf6 2. c4 g6 3. Nc3 d5 4. Nf3 Bg7 5. Qb3 dxc4 6. Qxc4 0-0 7. e4 Nc6 8. Be3 Bg4 9. h3 Bxf3 10. gxf3 Nd7 11. 0-0-0 Nb6 12. Qc5 Qd6 13. h4 Rad8 14. Qxd6 cxd6 15. h5 d5 16. Bb5 dxe4 17. Bxc6 bxc6 18. fxe4 Nc4 19. hxg6 fxg6 20. Rh3 Nxe3 21. fxe3 Rf2 22. e5 Rb8 23. b3 a5 24. Rd2 Rxd2 25. Kxd2 h6 26. Rf3 g5 27. Na4 Kh7 28. Rf7 Re8 29. Nc5 Kg6 30. Rf1 h5 31. Ne6 Bh6 32. Ke2 g4 33. e4 Rb8 34. d5 cxd5 35. exd5 h4 36. d6 exd6 37. Rf6+ Kh7 38. exd6 h3 39. Kf2 Rb7 40. Nc5 Rg7 41. Kg3 Bg5 42. Ne4 Be3 43. Re6 Bd4 44. Re7 Kg6 45. Kxg4 h2 46. Ng3 Be5 47. Rxg7+ Kxg7 48. d7 Bc7 49. d8Q Bxd8 50. Kh3 Bc7 51. Kxh2 Kf6 52. Kg2 Bxg3 53. Kxg3 Ke5 54. Kf3 Kd4 55. Ke2 Kc3 56. Ke3 Kb2 57. Kd2 Kxa2 58. Kc3 Ka3 59. Kc2 a4 60. bxa4 Kxa4 1/2-1/2

[Event "DEN-ch cand"]
[Site "Skorping"]
[Date "2017.04.11"]
[Round "1"]
[White "Vangsgaard, Freja"]
[Black "Kolbak, Jens"]
[Result "1/2-1/2"]
[WhiteElo "2060"]
[BlackElo "2216"]
[PlyCount "61"]
[EventDate "2017.04.11"]
[EventType "swiss"]
[EventRounds "7"]
[EventCountry "DEN"]
[SourceTitle "EXT 2018"]
[Source "ChessBase"]
[SourceDate "2017.10.13"]
[SourceVersion "1"]
[SourceVersionDate "2017.10.13"]
[SourceQuality "1"]

1. d4 Nf6 2. c4 g6 3. Nc3 Bg7 4. Nf3 d6 5. Bg5 h6 6. Bh4 0-0 7. e3 c6 8. Be2 Re8 9. 0-0 Bf5 10. b4 Nbd7 11. Qb3 g5 12. Bg3 Ne4 13. Nxe4 Bxe4 14. Nd2 Bg6 15. Bd3 Nf8 16. Bxg6 Nxg6 17. Rfd1 Qd7 18. Rac1 a6 19. a4 f5 20. Qd3 Qe6 21. h3 Qf6 22. Nf3 Rad8 23. c5 Qf7 24. b5 axb5 25. axb5 dxc5 26. Rxc5 e5 27. Qb1 f4 28. Bh2 exd4 29. exd4 cxb5 30. Rxb5 Re7 31. Qb4 1/2-1/2

[Event "Aarhus-chB"]
[Site "Aarhus"]
[Date "2017.02.17"]
[Round "1"]
[White "Vangsgaard, Freja"]
[Black "Thogersen, Rasmus"]
[Result "0-1"]
[WhiteElo "2084"]
[BlackElo "2161"]
[PlyCount "162"]
[EventDate "2017.02.17"]
[EventType "tourn"]
[EventRounds "5"]
[EventCountry "DEN"]
[SourceTitle "EXT 2018"]
[Source "ChessBase"]
[SourceDate "2017.10.13"]
[SourceVersion "1"]
[SourceVersionDate "2017.10.13"]
[SourceQuality "1"]

1. d4 Nf6 2. c4 e6 3. Nc3 Bb4 4. e3 0-0 5. Nge2 d5 6. a3 Bd6 7. c5 Be7 8. b4 b6 9. Nf4 a5 10. Bb2 Re8 11. Nd3 Nfd7 12. Be2 c6 13. 0-0 Ba6 14. Re1 Bc4 15. Qc2 Na6 16. Na2 Bf6 17. Bc3 bxc5 18. bxc5 Qc7 19. Bg4 Reb8 20. Nb2 Bb3 21. Qd2 Bd8 22. Nc1 Nf6 23. Bf3 Ra7 24. Nxb3 Rxb3 25. Na4 Qb8 26. Qc2 Rbb7 27. Qd2 Rb3 28. Qc2 Rbb7 29. Qd2 Bc7 30. h3 Rb3 31. Qc2 Rbb7 32. Reb1 Rxb1+ 33. Rxb1 Rb7 34. Rxb7 Qxb7 35. Qb2 Qxb2 36. Bxb2 Nd7 37. e4 f6 38. exd5 exd5 39. Bc3 Kf7 40. Kf1 Ke6 41. g4 Nab8 42. Bd1 g6 43. Bc2 f5 44. gxf5+ gxf5 45. Kg2 Kf6 46. h4 Nf8 47. Nb6 Ng6 48. h5 Nf4+ 49. Kf3 Nxh5 50. Bxa5 Nf4 51. a4 h5 52. Bd2 Ne6 53. Bc3 h4 54. Bd3 h3 55. Bf1 Ng5+ 56. Ke2 Bh2 57. Bd2 f4 58. a5 Kf5 59. f3 Bg1 60. Bc3 h2 61. Bg2 Ne6 62. Kd3 Kg5 63. Nc8 Ng7 64. Ne7 Nf5 65. Nxf5 Kxf5 66. Ke2 Ke6 67. Kf1 Ke7 68. Bh1 Kd8 69. Kg2 Nd7 70. Kh3 Nf8 71. Kg4 Ne6 72. Kf5 Bxd4 73. Bxd4 Nxd4+ 74. Kxf4 Ne2+ 75. Ke3 Ng3 76. Bg2 h1Q 77. Bxh1 Nxh1 78. f4 Ng3 79. Kd4 Nf5+ 80. Ke5 d4 81. Ke4 Kc7 0-1

[Event "Hastings Masters op 92nd"]
[Site "Hastings"]
[Date "2017.01.03"]
[Round "7"]
[White "Willson, Ollie"]
[Black "Vangsgaard, Freja"]
[Result "0-1"]
[WhiteElo "2060"]
[BlackElo "1975"]
[PlyCount "108"]
[EventDate "2016.12.28"]
[EventType "swiss"]
[EventRounds "9"]
[EventCountry "ENG"]
[SourceTitle "CBM 176 Extra"]
[Source "ChessBase"]
[SourceDate "2017.03.02"]
[SourceVersion "1"]
[SourceVersionDate "2017.03.02"]
[SourceQuality "1"]

1. c4 Nf6 2. g3 e6 3. Bg2 d5 4. Nf3 Be7 5. 0-0 0-0 6. d4 dxc4 7. Qc2 a6 8. Qxc4 b5 9. Qc2 Bb7 10. Bd2 Nbd7 11. Ba5 Nb6 12. Nbd2 Rc8 13. b4 Ne8 14. e4 Nd6 15. Ne5 Bf6 16. Rfd1 Qe7 17. Nb3 Bxe5 18. dxe5 Ndc4 19. Nc5 Ba8 20. Nxa6 Nxa5 21. bxa5 Nc4 22. a4 c6 23. axb5 cxb5 24. Qb3 Qb7 25. Nb4 Nxe5 26. Qb2 Nc4 27. Qd4 Qe7 28. Na2 Nxa5 29. Qb6 Nb3 30. Rab1 Rb8 31. Qe3 Na5 32. Rb4 Nc6 33. Rb2 b4 34. Rdb1 h6 35. Qe1 b3 36. Rxb3 Rxb3 37. Rxb3 Nd4 38. Rd3 e5 39. Qd2 Rc8 40. Rc3 Rxc3 41. Nxc3 Qb4 42. Kf1 Kh7 43. Ke1 Nb3 44. Qd3 Bb7 45. f3 Ba6 46. Qxa6 Qxc3+ 47. Kf2 Qd4+ 48. Kf1 Nd2+ 49. Ke2 Nc4 50. Kf1 Qd1+ 51. Kf2 Qd2+ 52. Kg1 Qe3+ 53. Kh1 Qe1+ 54. Bf1 Qxf1# 0-1

[Event "Hastings Masters op 92nd"]
[Site "Hastings"]
[Date "2016.12.30"]
[Round "3"]
[White "Garriga Cazorla, Pere"]
[Black "Vangsgaard, Freja"]
[Result "1-0"]
[WhiteElo "2386"]
[BlackElo "1975"]
[PlyCount "51"]
[EventDate "2016.12.28"]
[EventType "swiss"]
[EventRounds "9"]
[EventCountry "ENG"]
[SourceTitle "CBM 176 Extra"]
[Source "ChessBase"]
[SourceDate "2017.03.02"]
[SourceVersion "1"]
[SourceVersionDate "2017.03.02"]
[SourceQuality "1"]

1. d4 Nf6 2. c4 e6 3. Nf3 b6 4. g3 Bb7 5. Bg2 Be7 6. 0-0 0-0 7. d5 exd5 8. Nh4 c6 9. cxd5 Nxd5 10. Nf5 Nc7 11. e4 d5 12. Nc3 Nd7 13. Re1 d4 14. Qxd4 Bf6 15. Qe3 Ne6 16. Rd1 Qc7 17. f4 Rfe8 18. e5 Be7 19. Nxe7+ Rxe7 20. b3 f6 21. Ba3 Nec5 22. b4 Ne6 23. b5 Nec5 24. bxc6 Bxc6 25. Nd5 Bxd5 26. Bxd5+ 1-0

[Event "Heusenstamm Sparkassen op-A 3rd"]
[Site "Heusenstamm"]
[Date "2016.11.27"]
[Round "7"]
[White "Schloessner, Henrik"]
[Black "Vangsgaard, Freja"]
[Result "1-0"]
[WhiteElo "2050"]
[BlackElo "1948"]
[PlyCount "73"]
[EventDate "2016.11.24"]
[EventType "swiss"]
[EventRounds "7"]
[EventCountry "GER"]
[SourceTitle "EXT 2018"]
[Source "ChessBase"]
[SourceDate "2017.10.13"]
[SourceVersion "1"]
[SourceVersionDate "2017.10.13"]
[SourceQuality "1"]

1. e4 c6 2. d4 d5 3. e5 Bf5 4. Nc3 e6 5. g4 Bg6 6. Nge2 h6 7. Be3 Nd7 8. Bg2 Ne7 9. h4 h5 10. Nf4 hxg4 11. Nxg6 Nxg6 12. h5 Ne7 13. Qxg4 Nf5 14. 0-0-0 Qa5 15. Bg5 Bb4 16. Nb1 Qxa2 17. Bf1 Nb6 18. c3 Be7 19. Bd3 Bxg5+ 20. Qxg5 Nc4 21. Bxc4 Qxc4 22. Qg4 Kd7 23. Kc2 Qa4+ 24. Kc1 b5 25. Rh3 Rab8 26. Rf3 Rhg8 27. Rxf5 exf5 28. Qxf5+ Kc7 29. Qxf7+ Kb6 30. Qe7 b4 31. cxb4 Ka6 32. Rd3 Qxb4 33. Ra3+ Qxa3 34. Nxa3 Rb6 35. f4 Rgb8 36. Nc2 R8b7 37. Qa3+ 1-0

[Event "Heusenstamm Sparkassen op-A 3rd"]
[Site "Heusenstamm"]
[Date "2016.11.27"]
[Round "3"]
[White "Vangsgaard, Freja"]
[Black "Everett, Elijah David"]
[Result "1/2-1/2"]
[WhiteElo "1948"]
[BlackElo "2083"]
[PlyCount "111"]
[EventDate "2016.11.24"]
[EventType "swiss"]
[EventRounds "7"]
[EventCountry "GER"]
[SourceTitle "EXT 2018"]
[Source "ChessBase"]
[SourceDate "2017.10.13"]
[SourceVersion "1"]
[SourceVersionDate "2017.10.13"]
[SourceQuality "1"]

1. d4 Nf6 2. c4 g6 3. Nc3 Bg7 4. e4 d6 5. f3 0-0 6. Be3 Nc6 7. Nge2 a6 8. a4 a5 9. Qd2 e5 10. d5 Nb4 11. Nc1 Nd7 12. Be2 f5 13. Nd3 f4 14. Bf2 Nxd3+ 15. Qxd3 b6 16. 0-0-0 Bf6 17. g4 fxg3 18. hxg3 Bg5+ 19. Kb1 Nb8 20. Be3 Na6 21. Qd2 Bxe3 22. Qxe3 Qe7 23. Rh4 Bd7 24. b3 Rf7 25. Rdh1 Raf8 26. Kb2 Rg7 27. R4h2 Rff7 28. Ka3 c5 29. Kb2 Nc7 30. Nd1 Ne8 31. Nf2 g5 32. g4 Rg6 33. Rh5 Rfg7 34. R5h2 Nf6 35. Rg1 Be8 36. Nh1 Nd7 37. Ng3 Rf7 38. Nf5 Qf6 39. Rgh1 Kh8 40. Nh6 Rfg7 41. Nf5 Rf7 42. Rh6 Nf8 43. R6h5 Bd7 44. Ng3 Rg8 45. Kc2 Rg6 46. R1h2 Be8 47. Nh1 Bd7 48. Nf2 Bc8 49. Nh3 Rfg7 50. Qg1 Bd7 51. Qg3 Bc8 52. Nf2 Bd7 53. Nd3 Bc8 54. Qh3 Bd7 55. Rh1 Qf7 56. Qg3 1/2-1/2

[Event "Olympiad Women-42"]
[Site "Baku"]
[Date "2016.09.08"]
[Round "6.3"]
[White "Linares Napoles, Oleiny"]
[Black "Vangsgaard, Freja"]
[Result "1-0"]
[WhiteElo "2276"]
[BlackElo "1983"]
[PlyCount "57"]
[EventDate "2016.09.02"]
[EventType "team-swiss"]
[EventRounds "11"]
[EventCountry "AZE"]
[SourceTitle "CBM 174 Extra"]
[Source "ChessBase"]
[SourceDate "2016.10.10"]
[SourceVersion "1"]
[SourceVersionDate "2016.10.10"]
[SourceQuality "1"]
[WhiteTeam "Cuba (W)"]
[BlackTeam "Denmark (W)"]
[WhiteTeamCountry "CUB"]
[BlackTeamCountry "DEN"]

1. e4 c6 2. d4 d5 3. exd5 cxd5 4. c4 Nf6 5. Nc3 Nc6 6. Bg5 dxc4 7. d5 Ne5 8. Qd4 h6 9. Qxe5 hxg5 10. Bxc4 Qb6 11. Qg3 Bd7 12. Nge2 Rc8 13. Bb3 Qb4 14. 0-0 Qg4 15. Rfe1 Qh5 16. Nd4 Ng4 17. h3 Nf6 18. Re5 Ng4 19. Ree1 f6 20. Bd1 f5 21. Ncb5 Kf7 22. Re6 Bxb5 23. Nxb5 Rc5 24. Nc3 Rxd5 25. Bb3 Kxe6 26. Nxd5 Kd7 27. Qc7+ Ke8 28. Qc8+ Kf7 29. Nf4+ 1-0

[Event "Olympiad Women-42"]
[Site "Baku"]
[Date "2016.09.05"]
[Round "4.36"]
[White "Vangsgaard, Freja"]
[Black "Menon Jayadev, Poornima"]
[Result "1-0"]
[WhiteElo "1983"]
[BlackElo "1837"]
[PlyCount "107"]
[EventDate "2016.09.02"]
[EventType "team-swiss"]
[EventRounds "11"]
[EventCountry "AZE"]
[SourceTitle "CBM 174 Extra"]
[Source "ChessBase"]
[SourceDate "2016.10.10"]
[SourceVersion "1"]
[SourceVersionDate "2016.10.10"]
[SourceQuality "1"]
[WhiteTeam "Denmark (W)"]
[BlackTeam "Ireland (W)"]
[WhiteTeamCountry "DEN"]
[BlackTeamCountry "IRL"]

1. d4 d5 2. c4 e6 3. Nc3 Be7 4. cxd5 exd5 5. Bf4 c6 6. Qc2 Bd6 7. Bg3 Ne7 8. e3 Bf5 9. Qd2 0-0 10. Be2 Ng6 11. Bxd6 Qxd6 12. g4 Bc8 13. h4 h6 14. g5 Ne7 15. gxh6 Qxh6 16. 0-0-0 Bf5 17. Nf3 Nd7 18. Rdg1 Nf6 19. Rg5 Ne4 20. Nxe4 dxe4 21. Ne5 c5 22. dxc5 Rac8 23. Kb1 Rxc5 24. Nc4 b5 25. Qd6 Qxd6 26. Nxd6 f6 27. Rg2 a6 28. h5 Bh7 29. Bd1 Rg5 30. Bb3+ Kh8 31. Nf7+ Rxf7 32. Rxg5 fxg5 33. Bxf7 Nf5 34. Rd1 Bg8 35. Rd8 Nh6 36. Bd5 g4 37. Bxe4 Nf7 38. Ra8 a5 39. Bd5 Kh7 40. Be4+ Kh8 41. Bf5 Nh6 42. Bg6 a4 43. a3 g3 44. fxg3 Ng4 45. Bf7 Nf6 46. Kc2 Kh7 47. Bxg8+ Nxg8 48. Rxg8 Kxg8 49. g4 Kf7 50. g5 Ke6 51. e4 Ke5 52. Kd3 Ke6 53. Kd4 Kd6 54. h6 1-0

[Event "EU-ch U18 Girls 26th"]
[Site "Prague"]
[Date "2016.08.18"]
[Round "1"]
[White "Vangsgaard, Freja"]
[Black "Asatryan, Sona"]
[Result "1/2-1/2"]
[WhiteElo "2129"]
[BlackElo "1857"]
[PlyCount "131"]
[EventDate "2016.08.18"]
[EventType "swiss"]
[EventRounds "9"]
[EventCountry "CZE"]
[SourceTitle "CBM 174 Extra"]
[Source "ChessBase"]
[SourceDate "2016.10.10"]
[SourceVersion "1"]
[SourceVersionDate "2016.10.10"]
[SourceQuality "1"]

1. d4 Nf6 2. c4 e6 3. Nc3 Bb4 4. e3 0-0 5. Nge2 d5 6. a3 Bd6 7. c5 Be7 8. b4 c6 9. Nf4 b6 10. Be2 a5 11. Bd2 Nbd7 12. Nd3 Ba6 13. f4 Ne4 14. 0-0 Bxd3 15. Bxd3 axb4 16. Nxe4 dxe4 17. Bxe4 bxc5 18. axb4 cxd4 19. Bxc6 Rxa1 20. Qxa1 Nb8 21. Be4 Bf6 22. Qb1 g6 23. Kf2 Qd7 24. Rc1 Rc8 25. Rxc8+ Qxc8 26. b5 Qc5 27. Kf3 Nd7 28. Qb4 Qh5+ 29. Kf2 Nc5 30. Qb1 Nxe4+ 31. Qxe4 dxe3+ 32. Bxe3 Qxb5 33. Qc2 Qb2 34. Qxb2 Bxb2 35. Kf3 f5 36. h3 Kf7 37. g4 Ke7 38. Bc5+ Kd7 39. Be3 Kc6 40. Ba7 Kd5 41. Bb6 Bd4 42. Ba5 Kc4 43. Bc7 Kd3 44. Bd6 Kd2 45. Bb4+ Bc3 46. Bc5 Ke1 47. Bb6 Kf1 48. Bc5 Be1 49. Bd4 Bd2 50. Bc5 Bc3 51. Be3 fxg4+ 52. hxg4 h5 53. gxh5 gxh5 54. Bc5 Bf6 55. Bb6 Ke1 56. Ba5+ Kd1 57. Bb4 Kc2 58. Bd6 Kd3 59. Ba3 Bc3 60. Be7 Be1 61. f5 e5 62. Bg5 e4+ 63. Kg2 Bb4 64. f6 Bf8 65. Kh3 e3 66. Bxe3 1/2-1/2

[Event "EU-chT (Women) 20th"]
[Site "Reykjavik"]
[Date "2015.11.21"]
[Round "8.4"]
[White "Sikorova, Olga"]
[Black "Vangsgaard, Freja"]
[Result "1-0"]
[WhiteElo "2230"]
[BlackElo "1980"]
[PlyCount "131"]
[EventDate "2015.11.13"]
[EventType "team-swiss"]
[EventRounds "9"]
[EventCountry "ISL"]
[SourceTitle "CBM 169 Extra"]
[Source "ChessBase"]
[SourceDate "2015.12.18"]
[SourceVersion "1"]
[SourceVersionDate "2015.12.18"]
[SourceQuality "1"]
[WhiteTeam "Czech Republic (W)"]
[BlackTeam "Denmark (W)"]
[WhiteTeamCountry "CZE"]
[BlackTeamCountry "DEN"]

1. c4 Nf6 2. Nf3 b6 3. b3 Bb7 4. Bb2 e6 5. g3 d5 6. Bg2 Be7 7. 0-0 0-0 8. e3 Nbd7 9. Nc3 c5 10. d3 Rc8 11. Qe2 Qc7 12. e4 d4 13. Nb5 Qb8 14. Nd2 Ne5 15. h3 Nc6 16. f4 Nb4 17. Na3 a5 18. e5 Bxg2 19. Kxg2 Ne8 20. Ne4 Qb7 21. Kh2 Nc7 22. Rf2 Ra8 23. g4 f5 24. exf6 Bxf6 25. Nd6 Qc6 26. Nab5 Rad8 27. Nxc7 Rxd6 28. Nb5 Rd7 29. a3 Na6 30. g5 Bd8 31. Re1 Re7 32. Bc1 Nc7 33. a4 Nxb5 34. axb5 Qd7 35. Qe4 Bc7 36. Kg2 Rf5 37. Qa8+ Rf8 38. Qe4 Rf5 39. h4 Bd6 40. Qa8+ Rf8 41. Qe4 Rf5 42. Rfe2 g6 43. Qa8+ Kg7 44. Qe4 e5 45. Qc6 Qxc6+ 46. bxc6 Bc7 47. Kf3 Kf7 48. Kg4 Ke8 49. h5 Kd8 50. hxg6 hxg6 51. Rh1 Re6 52. Rh8+ Ke7 53. Rh7+ Rf7 54. Rxf7+ Kxf7 55. fxe5 Rxc6 56. Bf4 Ke6 57. Rh2 Kf7 58. Rh7+ Kg8 59. Rd7 Kf8 60. Kf3 Ke8 61. Rh7 Bd8 62. Ke4 Rc7 63. Rh8+ Ke7 64. Rg8 Rc6 65. Kd5 Kd7 66. Rxd8+ 1-0

[Event "EU-chT (Women) 20th"]
[Site "Reykjavik"]
[Date "2015.11.20"]
[Round "7.4"]
[White "Vangsgaard, Freja"]
[Black "Barbier, Astrid"]
[Result "1-0"]
[WhiteElo "1980"]
[BlackElo "1819"]
[PlyCount "133"]
[EventDate "2015.11.13"]
[EventType "team-swiss"]
[EventRounds "9"]
[EventCountry "ISL"]
[SourceTitle "CBM 169 Extra"]
[Source "ChessBase"]
[SourceDate "2015.12.18"]
[SourceVersion "1"]
[SourceVersionDate "2015.12.18"]
[SourceQuality "1"]
[WhiteTeam "Denmark (W)"]
[BlackTeam "Belgium (W)"]
[WhiteTeamCountry "DEN"]
[BlackTeamCountry "BEL"]

1. d4 Nf6 2. c4 e6 3. Nc3 Bb4 4. Qc2 Nc6 5. Nf3 d6 6. Bd2 0-0 7. a3 Bxc3 8. Bxc3 Re8 9. 0-0-0 d5 10. e3 b6 11. Bd3 Ba6 12. Qa4 Nb8 13. Ne5 dxc4 14. Bxc4 Bxc4 15. Qxc4 Nd5 16. Bd2 Qd6 17. e4 Nf6 18. f3 c5 19. Bc3 Nbd7 20. Nxd7 Nxd7 21. dxc5 Qxc5 22. Qxc5 Nxc5 23. Rd6 Rac8 24. Kb1 f6 25. Rhd1 Kf7 26. Bb4 Re7 27. Rd8 Rxd8 28. Rxd8 Rc7 29. Bxc5 bxc5 30. Rd6 e5 31. Kc2 Kg6 32. Kc3 Kg5 33. g3 h5 34. h4+ Kg6 35. Kc4 Kf7 36. Rd5 Ke6 37. Rxc5 Rd7 38. Rd5 Rc7+ 39. Rc5 Rd7 40. Rc6+ Ke7 41. Ra6 g5 42. hxg5 fxg5 43. Rh6 Rd4+ 44. Kc3 g4 45. Rxh5 Kd6 46. f4 Rxe4 47. Rxe5 Rxe5 48. fxe5+ Kxe5 49. Kd3 Kd5 50. b3 a6 51. b4 Ke5 52. a4 Kd5 53. b5 a5 54. Ke3 Ke5 55. b6 Kd6 56. Kf4 Kc6 57. Kxg4 Kxb6 58. Kf4 Kc5 59. g4 Kb4 60. g5 Kxa4 61. g6 Kb3 62. g7 a4 63. g8Q+ Kb2 64. Qg2+ Kb3 65. Qd2 a3 66. Qc1 Ka2 67. Qc3 1-0